书目信息 |
| 题名: |
污水生物处理应用技术及工程实例
|
|
| 作者: | 周正立 , 张悦 编著 | |
| 分册: | ||
| 出版信息: | 北京 化学工业出版社 2006 |
|
| 页数: | 308页 | |
| 开本: | 26cm | |
| 丛书名: | ||
| 单 册: | ||
| 中图分类: | X703.1 | |
| 科图分类: | ||
| 主题词: | 污水处理--生物处理 | |
| 电子资源: | ||
| ISBN: | 7-5025-8518-4 | |
| 000 | 01046nam0 2200265 450 | |
| 001 | 012004048126 | |
| 005 | 20070805151853.17 | |
| 009 | 012004048126 | |
| 010 | @a7-5025-8518-4@dCNY49.00 | |
| 035 | @a(110019)012006046510 | |
| 100 | @a20060616d2006 em y0chiy0110 ea | |
| 101 | 0 | @achi |
| 102 | @aCN@b110000 | |
| 105 | @ay z 000yy | |
| 106 | @ar | |
| 200 | 1 | @a污水生物处理应用技术及工程实例@Awu shui sheng wu chu li ying yong ji shu ji gong cheng shi li@f周正立, 张悦编著@Fzhou zheng li , zhang yue bian zhu |
| 210 | @a北京@c化学工业出版社@d2006 | |
| 215 | @a308页@d26cm | |
| 330 | @a本书首先介绍了常用的和有发展前途的污水生物处理技术。包括活性污泥法、AB法、氧化沟法、SBR法、生物滤池、高级氧化法等,然后介绍了生物处理中的指示生物、污水生物深度处理及回用,之后对污水及地表水在线监测技术、污水处理厂的控制运行等热点问题进行了深入的分析。 | |
| 606 | 0 | @a污水处理@x生物处理 |
| 690 | @aX703.1@v4 | |
| 701 | 0 | @a周正立@Azhou zheng li@4编著 |
| 701 | 0 | @a张悦@Azhang yue@4编著 |
| 801 | 0 | @aCN@b110019@c20070805 |
| 905 | @dX703.1@e110@f5 | |
| 污水生物处理应用技术及工程实例/周正立, 张悦编著.-北京:化学工业出版社,2006 |
| 308页;26cm |
| ISBN 7-5025-8518-4:CNY49.00 |
| 本书首先介绍了常用的和有发展前途的污水生物处理技术。包括活性污泥法、AB法、氧化沟法、SBR法、生物滤池、高级氧化法等,然后介绍了生物处理中的指示生物、污水生物深度处理及回用,之后对污水及地表水在线监测技术、污水处理厂的控制运行等热点问题进行了深入的分析。 |
| ● |
| 相关链接 |
|
|
|
|
正题名:污水生物处理应用技术及工程实例
索取号:X703.1/110
 
预约/预借
| 序号 | 登录号 | 条形码 | 馆藏地/架位号 | 状态 | 备注 |
| 1 | 0850998 | 208509988 | 第二样本阅览室/ [索取号:X703.1/110] | 在馆 | |
| 2 | 0850999 | 208509997 | 第三借阅区/ [索取号:X703.1/110] | 在馆 | |
| 3 | 0851000 | 208510002 | 第三借阅区/ [索取号:X703.1/110] | 在馆 | |
| 4 | 0851001 | 208510011 | 第三借阅区/ [索取号:X703.1/110] | 在馆 | |
| 5 | 0851002 | 208510020 | 第三借阅区/ [索取号:X703.1/110] | 在馆 |